000 00273nam a22001097a 4500
082 _a398.2
_bFIR
100 _aChaudhary,Abdul Wahid
245 _aThe fire bird and the princess vasilissa
260 _aLahore:
_bJunior book club,
563 _aPB
942 _2ddc
_cBK
999 _c614917
_d614917